[Event "Blitz - Gruenfeld defence for 5 players under 2000"]
[Site "SchemingMind.com"]
[Date "2017.07.02"]
[Round "-"]
[White "Phillip Beckett"]
[Black "Wojtek26"]
[Result "0-1"]
[WhiteCountry "ENG"]
[BlackCountry "POL"]
[WhiteElo "1587"]
[WhiteRD "59"]
[BlackElo "1608"]
[BlackRD "51"]
[GameID "415925"]

1. d4 Nf6 2. c4 g6 3. Nc3 d5 4. cxd5 Nxd5 5. e4 Nxc3 6. bxc3 Bg7 7. Be3 O-O 8. Bd3 Nc6 9. Qd2 e6 10. Bh6 b6
11. Bxg7 Kxg7 12. Nf3 Bb7 13. e5 Ne7 14. Qe2 Nd5 15. Qc2 Nf4 16. O-O Bxf3 17. gxf3 Qg5+ 18. Kh1 Qg2#
0-1

[Event "Blitz - Gruenfeld defence for 5 players under 2000"]
[Site "SchemingMind.com"]
[Date "2017.07.02"]
[Round "-"]
[White "Wojtek26"]
[Black "Phillip Beckett"]
[Result "1/2-1/2"]
[WhiteCountry "POL"]
[BlackCountry "ENG"]
[WhiteElo "1596"]
[WhiteRD "45"]
[BlackElo "1571"]
[BlackRD "56"]
[GameID "415926"]

1. d4 Nf6 2. c4 g6 3. Nc3 d5 4. e3 Bg7 5. Nf3 dxc4 6. Bxc4 O-O 7. O-O Nbd7 8. b3 c5 9. Bb2 cxd4 10. Nxd4 Nb6
11. Be2 a6 12. Qc2 Nbd5 13. Nxd5 Nxd5 14. Bc4 Nb6 15. Rfd1 Nxc4 16. Qxc4 Bd7 17. Rab1 Qc8 18. Qb4 e5 19. Nf3 Bc6 20. Nxe5 Bxe5
21. Bxe5 Qe6 22. Bb2 Rfd8 23. Qc3 f6 24. Qxf6 Qxf6 25. Bxf6 Rxd1+ 26. Rxd1 Kf7 27. Bd4 Re8 28. g3 Be4 29. Bb6 Re7 30. Rd8 Bc6
31. Rh8 Ke6 32. Rd8 Rd7 33. Rxd7 Kxd7 34. Kf1 Ke6 35. f4 Kf5 36. Kf2 Ke4 37. g4 Bd7 38. g5 Bc6 39. b4 Bb5 40. Bc5 Bc6
41. Ke2 Bd5 42. a4 Bb3 43. a5 Bc4+ 44. Kf2 Bb5 45. Kg3 Kf5 46. h4 Bc6=
1/2-1/2

[Event "Blitz - Gruenfeld defence for 5 players under 2000"]
[Site "SchemingMind.com"]
[Date "2017.07.03"]
[Round "-"]
[White "Abstract Actuary"]
[Black "Phillip Beckett"]
[Result "1-0"]
[WhiteCountry "USA"]
[BlackCountry "ENG"]
[WhiteElo "1837"]
[WhiteRD "70"]
[BlackElo "1587"]
[BlackRD "59"]
[GameID "415927"]

1. d4 Nf6 2. c4 g6 3. Nc3 d5 4. cxd5 Nxd5 5. e4 Nxc3 6. bxc3 Bg7 7. f4 c5 8. Rb1 cxd4 9. c4 O-O 10. Bd3 Nc6
11. e5 a6 12. Nf3 f6 13. exf6 exf6 14. O-O Bg4 15. h3 Bxf3 16. Qxf3 Qc7 17. f5 g5 18. Ba3 Ne5 19. Qd5+ Kh8 20. Rxb7 Qc6
21. Qxc6 Nxc6 22. Bxf8 Rxf8 23. Re1 a5 24. Re6 Nb4 25. Be4 d3 26. Ree7 Rg8 27. a3 d2 28. Rbd7 Nd3 29. Rxd3
1-0

[Event "Blitz - Gruenfeld defence for 5 players under 2000"]
[Site "SchemingMind.com"]
[Date "2017.07.02"]
[Round "-"]
[White "Phillip Beckett"]
[Black "Abstract Actuary"]
[Result "1-0"]
[WhiteCountry "ENG"]
[BlackCountry "USA"]
[WhiteElo "1587"]
[WhiteRD "59"]
[BlackElo "1837"]
[BlackRD "70"]
[GameID "415928"]

1. d4 Nf6 2. c4 g6 3. Nc3 d5 4. cxd5 Nxd5 5. e4 Nxc3 6. bxc3 Bg7 7. Nf3 c5 8. Bd3 O-O 9. Be3 Nc6 10. O-O cxd4
11. cxd4 Nxd4 12. Nxd4 Bxd4 13. Bxd4 Qxd4 14. Rc1 Qd6 15. Qe2 e5 16. Rfd1 Be6 17. Bc4 Qe7 18. Bxe6 Qxe6 19. Qb5 b6 20. Rc2 Rfd8
21. Rcd2 Rxd2 22. Rxd2 Rc8 23. g3 f6 24. Rd7 Qxa2 25. Qd3 Rc1+ 26. Kg2 Qb1 27. Qd5+ Kh8 28. Qa8+
1-0

[Event "Blitz - Gruenfeld defence for 5 players under 2000"]
[Site "SchemingMind.com"]
[Date "2017.07.03"]
[Round "-"]
[White "Abstract Actuary"]
[Black "Wojtek26"]
[Result "0-1"]
[WhiteCountry "USA"]
[BlackCountry "POL"]
[WhiteElo "1840"]
[WhiteRD "68"]
[BlackElo "1596"]
[BlackRD "45"]
[GameID "415929"]

1. d4 Nf6 2. c4 g6 3. Nc3 d5 4. cxd5 Nxd5 5. e4 Nxc3 6. bxc3 Bg7 7. Bc4 O-O 8. Bf4 Nd7 9. Nf3 a6 10. O-O e6
11. Re1 c5 12. e5 b5 13. Bd3 c4 14. Be4 Rb8 15. Qd2 Bb7 16. Bc2 Bxf3 17. gxf3 Rc8 18. h3 Qh4 19. Kh2 f6 20. Bg3 Qg5
21. f4 Qh6 22. Qe3 fxe5 23. fxe5 Qxe3 24. Rxe3 Rf7 25. Be4 Rcf8 26. Kg2 Bh6 27. Re2 Nb6 28. h4 Na4 29. Rc2 Nb6= 30. Rh1 Bf4
31. Bxf4 Rxf4 32. Bb7 a5 33. Ba6 b4 34. cxb4 axb4 35. Bxc4 Nxc4 36. Rxc4 Rxf2+ 37. Kg3 R8f3+ 38. Kg4 Kg7 39. Rg1 h5+ 40. Kg5 Rf5#
0-1

[Event "Blitz - Gruenfeld defence for 5 players under 2000"]
[Site "SchemingMind.com"]
[Date "2017.07.02"]
[Round "-"]
[White "Wojtek26"]
[Black "Abstract Actuary"]
[Result "0-1"]
[WhiteCountry "POL"]
[BlackCountry "USA"]
[WhiteElo "1596"]
[WhiteRD "45"]
[BlackElo "1840"]
[BlackRD "68"]
[GameID "415930"]

1. d4 Nf6 2. c4 g6 3. Nc3 d5 4. e3 Bg7 5. Nf3 O-O 6. Bd3 c5 7. b3 Nc6 8. O-O Qc7 9. Bb2 Bg4 10. h3 Bxf3
11. Qxf3 dxc4 12. Bxc4 cxd4 13. Nb5 Qb6 14. exd4 a6 15. Na3 Rad8 16. d5 Nb4 17. Rad1 Rd7 18. Bd4 Qc7 19. Rc1 Qb8 20. Bc5 Nbxd5
21. Rfd1 Rfd8 22. Rc2 Nc7 23. Rxd7 Rxd7 24. Rc1 b5 25. Be2 Ne6 26. Bb4 Nd4 27. Qe3 Nxe2+ 28. Qxe2 Qd8 29. Re1 Nd5 30. Bc5 e5
31. f3 Nf4 32. Qc2 Rd2 33. Qe4 Rxg2+ 34. Kh1 Qc8 35. Rc1 Qxh3#
0-1

[Event "Blitz - Gruenfeld defence for 5 players under 2000"]
[Site "SchemingMind.com"]
[Date "2017.07.14"]
[Round "-"]
[White "Abstract Actuary"]
[Black "emvarela"]
[Result "0-1"]
[WhiteCountry "USA"]
[BlackCountry "ARG"]
[WhiteElo "1824"]
[WhiteRD "70"]
[BlackElo "1913"]
[BlackRD "56"]
[GameID "416182"]

1. d4 Nf6 2. c4 g6 3. Nc3 d5 4. cxd5 Nxd5 5. e4 Nxc3 6. bxc3 Bg7 7. Bc4 Nc6 8. f4 O-O 9. Nf3 Bg4 10. h3 Bxf3
11. Qxf3 Nxd4 12. cxd4 Qxd4 13. Bxf7+ Rxf7 14. Rb1 Qc3+ 15. Qxc3 Bxc3+ 16. Ke2 b6 17. Rd1 e5 18. fxe5 Bxe5 19. Be3 c5 20. Rd5 Bc7
21. Rbd1 Raf8 22. Rd7 Be5 23. Bh6 Bg7 24. Bxg7 Kxg7 25. Ke3 Rxd7 26. Rxd7+ Rf7 27. Rd8 Kf6 28. g3 Re7 29. a4 h5 30. h4 a5
31. Kf4 Re6 32. Rf8+ Kg7 33. Rb8 Rc6 34. Ke3 c4 35. Kd2 c3+ 36. Kc2 Kf7 37. e5 Ke6 38. Re8+ Kd5 39. e6 Rxe6 40. Rxe6 Kxe6
41. Kxc3 Kd5 42. Kd3 Kc5
0-1

[Event "Blitz - Gruenfeld defence for 5 players under 2000"]
[Site "SchemingMind.com"]
[Date "2017.07.14"]
[Round "-"]
[White "emvarela"]
[Black "Abstract Actuary"]
[Result "1-0"]
[WhiteCountry "ARG"]
[BlackCountry "USA"]
[WhiteElo "1913"]
[WhiteRD "56"]
[BlackElo "1824"]
[BlackRD "70"]
[GameID "416183"]

1. d4 Nf6 2. c4 g6 3. Nc3 d5 4. Nf3 Bg7 5. Bf4 c5 6. dxc5 Qa5 7. cxd5 Ne4 8. Rc1 Nxc3 9. bxc3 Bxc3+ 10. Bd2 Bxd2+
11. Qxd2 Qa3 12. Qc3 Qxc3+ 13. Rxc3 Bf5 14. h3 Na6 15. c6 bxc6 16. dxc6 Nb4 17. a3 Nd5 18. Rc5 Nc7 19. Nd4 Ne6 20. Nxe6 Bxe6
21. e4 a6 22. Bd3 Bc8 23. Ke2 f6 24. Rb1 e5 25. Rb6 Ke7 26. Rd5 Ra7 27. Ra5 Kd6 28. c7+ Ke7 29. Rc5 Rf8 30. Ke3 Kd7
31. Bc4 g5 32. Bd5 Ke7 33. Rc1 f5 34. exf5 Bxf5 35. g4 Bc8 36. Rh6 Rf6 37. Rxh7+ Ke8 38. Bc6+
1-0

[Event "Blitz - Gruenfeld defence for 5 players under 2000"]
[Site "SchemingMind.com"]
[Date "2017.07.14"]
[Round "-"]
[White "emvarela"]
[Black "Phillip Beckett"]
[Result "1-0"]
[WhiteCountry "ARG"]
[BlackCountry "ENG"]
[WhiteElo "1913"]
[WhiteRD "56"]
[BlackElo "1605"]
[BlackRD "57"]
[GameID "416184"]

1. d4 Nf6 2. c4 g6 3. Nc3 d5 4. Nf3 Bg7 5. cxd5 Nxd5 6. Nxd5 Qxd5 7. Bf4 c5 8. Bxb8 Rxb8 9. Qa4+ Bd7 10. Qxa7 O-O
11. Qxc5 Qxc5 12. dxc5 Bxb2 13. Rb1 Bc3+ 14. Nd2 Bf5 15. Rb3 Ba5 16. Rb5 Bxd2+ 17. Kxd2 Rfd8+ 18. Kc3 Rdc8 19. Kb4 Bd7 20. Rb6 Rc6
21. e4 Rbc8 22. Rxb7 Be6 23. Rxe7 Rxc5 24. Ba6 R8c7 25. a4 R7c6 26. Re8+ Kg7 27. Bb5 Rc7 28. f3 Rc2 29. Rd8 Rb2+ 30. Ka5 Bc8
31. g3 Ra7+ 32. Kb6 Rb7+ 33. Kc5 Rc2+ 34. Kb4 Rcc7 35. Rhd1 Be6 36. R1d4 Rc1 37. e5 Rb1+ 38. Ka5 Bb3 39. Ra8 Ra1 40. Bc6 Rc7
41. Kb6 Re7 42. f4 Rb1 43. Rb4 Ba2 44. Rxb1 Bxb1 45. Re8 Rxe8 46. Bxe8 Kf8 47. Bc6 Bc2 48. a5 Ke7 49. a6 Kd8 50. a7
1-0

[Event "Blitz - Gruenfeld defence for 5 players under 2000"]
[Site "SchemingMind.com"]
[Date "2017.07.14"]
[Round "-"]
[White "Phillip Beckett"]
[Black "emvarela"]
[Result "1-0"]
[WhiteCountry "ENG"]
[BlackCountry "ARG"]
[WhiteElo "1587"]
[WhiteRD "59"]
[BlackElo "1802"]
[BlackRD "56"]
[GameID "416185"]

1. d4 Nf6 2. c4 g6 3. Nc3 d5 4. cxd5 Nxd5 5. e4 Nxc3 6. bxc3 Bg7 7. Bc4 Nc6 8. Be3 O-O 9. Ne2 Na5 10. Bd3 f5
11. O-O fxe4 12. Bxe4 Be6 13. Nf4 Bf7 14. Qc2 e5 15. dxe5 Bxe5 16. Nd3 Qh4 17. Nxe5
1-0

[Event "Blitz - Gruenfeld defence for 5 players under 2000"]
[Site "SchemingMind.com"]
[Date "2017.07.16"]
[Round "-"]
[White "emvarela"]
[Black "Wojtek26"]
[Result "1-0"]
[WhiteCountry "ARG"]
[BlackCountry "POL"]
[WhiteElo "1913"]
[WhiteRD "56"]
[BlackElo "1558"]
[BlackRD "47"]
[GameID "416186"]

1. d4 Nf6 2. c4 g6 3. Nc3 d5 4. Nf3 Bg7 5. cxd5 Nxd5 6. e4 Nxc3 7. bxc3 O-O 8. Bc4 Bg4 9. Rb1 Nc6 10. Rxb7 Na5
11. Rb4 Nc6 12. Rb5 a6 13. Rc5 Qd7 14. Bd5 Nxd4 15. cxd4 Rab8 16. Bf4 Rfc8 17. O-O Rb5 18. Bc6 Qd8 19. Bxb5 axb5 20. Rd5 Qe8
21. h3 Be6 22. Rc5 Bxa2 23. Qc2 Bc4 24. Rxc7 Rxc7 25. Bxc7 Bxf1 26. Kxf1 Qd7 27. Bb6 h5 28. Qc5 e6 29. e5 Qe8 30. Bc7 Bh6
31. d5 exd5 32. Qxd5 b4 33. Bd6 Qa4 34. e6 fxe6 35. Qxe6+ Kh7 36. Qf7+
1-0

[Event "Blitz - Gruenfeld defence for 5 players under 2000"]
[Site "SchemingMind.com"]
[Date "2017.07.14"]
[Round "-"]
[White "Wojtek26"]
[Black "emvarela"]
[Result "0-1"]
[WhiteCountry "POL"]
[BlackCountry "ARG"]
[WhiteElo "1558"]
[WhiteRD "47"]
[BlackElo "1913"]
[BlackRD "56"]
[GameID "416187"]

1. d4 Nf6 2. c4 g6 3. Nc3 d5 4. e3 Nc6 5. Nf3 Bf5 6. c5 Bg7 7. Bb5 O-O 8. a3 a6 9. Ba4 Ne4 10. Nxe4 dxe4
11. Nd2 e5 12. d5 Qxd5 13. O-O Qxc5 14. b4 Qc3 15. Nb3 Rfd8 16. Bd2 Qc4 17. Rc1 Qd3 18. Re1 b5 19. Rc3 Qxc3 20. Bxc3 Rxd1
21. Rxd1 bxa4 22. Nc5 h5 23. Rd5 a5 24. bxa5 Nxa5 25. Bxe5 Bxe5 26. Rxe5 Nc4 27. Re7 Rc8 28. Nxa4 c5 29. h3 Be6 30. Rb7 Nxa3
31. Nb6 Rd8 32. Ra7 Nb5 33. Ra1 Nc3 34. Rc1 Ne2+
0-1

[Event "Blitz - Gruenfeld defence for 5 players under 2000"]
[Site "SchemingMind.com"]
[Date "2017.07.14"]
[Round "-"]
[White "Abstract Actuary"]
[Black "Chessibelle"]
[Result "1-0"]
[WhiteCountry "USA"]
[BlackCountry "ENG"]
[WhiteElo "1840"]
[WhiteRD "68"]
[BlackElo "1223"]
[BlackRD "67"]
[GameID "416296"]

1. d4 Nf6 2. c4 g6 3. Nc3 d5 4. cxd5 Nxd5 5. e4 Nb4 6. a3 N4c6 7. f4 e6 8. Nf3 Bg7 9. Be3 b6 10. Bb5 Bd7
11. O-O O-O 12. Rc1 f6 13. Qb3 Kh8 14. d5 Na5 15. Qc2 Nb7 16. Bxd7 Nxd7 17. Nb5 Rc8 18. Nxa7 Ra8 19. Nb5 Rc8 20. dxe6 Ndc5
21. Nfd4 Qe7 22. Nc6 Qxe6 23. Nca7 Rcd8 24. Nxc7 Qd7 25. Nd5 Qe6 26. Bxc5 bxc5 27. Nb5 f5 28. Nbc7 Qc6 29. b4 Nd6 30. e5 Ne4
31. bxc5 h6 32. Rfd1 Qd7 33. e6 Qc8 34. e7 Rf7 35. exd8=Q+ Qxd8 36. Ne6 Qh4 37. Nxg7 Rxg7 38. c6 Nd6 39. c7 Nc8 40. Nb4 Kh7
41. g3 Qh3 42. Rd8 g5 43. fxg5 Rxg5 44. Qd3 Kg6 45. Rg8+ Kh5 46. Qf3+ Rg4 47. Qxf5+ Rg5 48. Qxh3#
1-0

[Event "Blitz - Gruenfeld defence for 5 players under 2000"]
[Site "SchemingMind.com"]
[Date "2017.07.14"]
[Round "-"]
[White "Chessibelle"]
[Black "Abstract Actuary"]
[Result "0-1"]
[WhiteCountry "ENG"]
[BlackCountry "USA"]
[WhiteElo "1181"]
[WhiteRD "66"]
[BlackElo "1837"]
[BlackRD "70"]
[GameID "416297"]

1. d4 Nf6 2. c4 g6 3. Nc3 d5 4. e3 Bg7 5. Nf3 O-O 6. Be2 c5 7. b3 Nc6 8. O-O Bf5 9. Bb2 Rc8 10. dxc5 Ne4
11. Qc1 dxc4 12. b4 Nxb4 13. Rd1 Qa5 14. Bxc4 Qxc5 15. Ba3 Qxc4 16. Re1 Bxc3 17. Rd1 Bxa1 18. Qxa1 Nc2 19. Qb2 Nxa3 20. Qxa3 Qe2
21. Re1 Qxf2+ 22. Kh1 Rc2 23. Rg1 Bg4 24. Nd4 Rxa2 25. Qxe7 Qxe3 26. Nb5 Nf2#
0-1

[Event "Blitz - Gruenfeld defence for 5 players under 2000"]
[Site "SchemingMind.com"]
[Date "2017.07.19"]
[Round "-"]
[White "emvarela"]
[Black "Chessibelle"]
[Result "1-0"]
[WhiteCountry "ARG"]
[BlackCountry "ENG"]
[WhiteElo "1836"]
[WhiteRD "59"]
[BlackElo "1223"]
[BlackRD "67"]
[GameID "416298"]

1. d4 Nf6 2. c4 g6 3. Nc3 d5 4. Nf3 e6 5. cxd5 Nxd5 6. e4 Nf6 7. Bc4 Nc6 8. O-O Bg7 9. e5 Ng4 10. h3 Nh6
11. Bg5 Ne7 12. Ne4 Qd7 13. Bxh6 Bxh6 14. Nf6+ Kf8 15. Nxd7+ Bxd7 16. Qb3 b6 17. d5 a5 18. dxe6 fxe6 19. Bxe6 Bc6 20. Nd4 Bb7
21. Nb5 c5 22. Nd6 Bg7 23. Bg8 Rxg8 24. Qf7#
1-0

[Event "Blitz - Gruenfeld defence for 5 players under 2000"]
[Site "SchemingMind.com"]
[Date "2017.07.19"]
[Round "-"]
[White "Chessibelle"]
[Black "emvarela"]
[Result "0-1"]
[WhiteCountry "ENG"]
[BlackCountry "ARG"]
[WhiteElo "1223"]
[WhiteRD "67"]
[BlackElo "1836"]
[BlackRD "59"]
[GameID "416299"]

1. d4 Nf6 2. c4 g6 3. Nc3 d5 4. e3 Bg7 5. Nf3 Bg4 6. Be2 Bxf3 7. Bxf3 c6 8. O-O dxc4 9. b3 cxb3 10. Qxb3 Qc7
11. g3 O-O 12. Bg2 Nbd7 13. Ba3 Rfe8 14. f4 Ng4 15. Ne4 Qb6 16. Bb4 Nxe3 17. Qxe3 Bxd4
0-1

[Event "Blitz - Gruenfeld defence for 5 players under 2000"]
[Site "SchemingMind.com"]
[Date "2017.07.14"]
[Round "-"]
[White "Phillip Beckett"]
[Black "Chessibelle"]
[Result "1-0"]
[WhiteCountry "ENG"]
[BlackCountry "ENG"]
[WhiteElo "1587"]
[WhiteRD "59"]
[BlackElo "1181"]
[BlackRD "66"]
[GameID "416300"]

1. d4 Nf6 2. c4 g6 3. Nc3 d5 4. cxd5 Nxd5 5. e4 Nf6 6. e5 Nd5 7. Bc4 e6 8. Nf3 Bg7 9. O-O O-O 10. Qb3 c6
11. Nxd5 cxd5 12. Bd3 f5 13. exf6 Bxf6 14. Be3 b6 15. Rac1 Nc6 16. Rxc6 Bb7 17. Rc3 Qe7 18. Rfc1 Kg7 19. Rc7 Rac8 20. Rxe7+ Bxe7
21. Rxc8 Rxc8 22. Bf1 h6 23. Ne5 g5 24. Ng4 Rf8 25. Ne5 Rf5 26. Qd3 a5 27. g4 Rf6 28. Nd7 Rf7 29. Nxb6 Bc6 30. Be2 Bd6
31. Bd1 e5 32. dxe5 Bxe5 33. Bd4 Kf6 34. Qf3+ Ke7 35. Bc5+ Ke8 36. Qa3 Bg7 37. Qe3+ Kd8 38. Qe6
1-0

[Event "Blitz - Gruenfeld defence for 5 players under 2000"]
[Site "SchemingMind.com"]
[Date "2017.07.14"]
[Round "-"]
[White "Chessibelle"]
[Black "Phillip Beckett"]
[Result "0-1"]
[WhiteCountry "ENG"]
[BlackCountry "ENG"]
[WhiteElo "1181"]
[WhiteRD "66"]
[BlackElo "1587"]
[BlackRD "59"]
[GameID "416301"]

1. d4 Nf6 2. c4 g6 3. Nc3 d5 4. e3 Bg7 5. Nf3 O-O 6. Be2 dxc4 7. Bxc4 Nbd7 8. O-O c5 9. Bd2 cxd4 10. exd4 Nb6
11. Bb3 Nfd5 12. Bc2 Nxc3 13. Bxc3 Nd5 14. Bd2 Bg4 15. Be4 e6 16. a3 Rc8 17. Bc2 Qc7 18. g3 Qxc2 19. Qe2 Bxf3 20. Qe1 Qf5
21. b4 Qh3
0-1

[Event "Blitz - Gruenfeld defence for 5 players under 2000"]
[Site "SchemingMind.com"]
[Date "2017.07.16"]
[Round "-"]
[White "Chessibelle"]
[Black "Wojtek26"]
[Result "0-1"]
[WhiteCountry "ENG"]
[BlackCountry "POL"]
[WhiteElo "1181"]
[WhiteRD "66"]
[BlackElo "1608"]
[BlackRD "51"]
[GameID "416302"]

1. d4 Nf6 2. c4 g6 3. Nc3 d5 4. e3 e6 5. Bd2 Bg7 6. Be2 O-O 7. Nf3 Nbd7 8. O-O c5 9. Ng5 b6 10. f4 Ba6
11. b3 Rb8 12. Bf3 dxc4 13. g3 cxb3 14. Qxb3 Bxf1 15. Rxf1 cxd4 16. exd4 Rc8 17. Nb5 a5 18. Nd6 Rb8 19. Be2 Nd5 20. a3 N7f6
21. Nb5 h6 22. a4 hxg5 23. fxg5 Ne4 24. Bc1 Nc7 25. Qf3 Nxg5 26. Qg4 Nxb5 27. Bxb5 Qxd4+ 28. Rf2 Qxg4
0-1

[Event "Blitz - Gruenfeld defence for 5 players under 2000"]
[Site "SchemingMind.com"]
[Date "2017.07.17"]
[Round "-"]
[White "Wojtek26"]
[Black "Chessibelle"]
[Result "1-0"]
[WhiteCountry "POL"]
[BlackCountry "ENG"]
[WhiteElo "1608"]
[WhiteRD "51"]
[BlackElo "1181"]
[BlackRD "66"]
[GameID "416303"]

1. d4 Nf6 2. c4 g6 3. Nc3 d5 4. e3 e6 5. Nf3 Be7 6. Be2 O-O 7. Bd3 Nc6 8. O-O b6 9. Bd2 Bb7 10. Nb5 Qd7
11. a4 a6 12. Nc3 Qd6 13. cxd5 exd5 14. Ne2 Nd8 15. Ne5 Ne6 16. Nf4 Rfe8 17. Rc1 Ne4 18. Bxe4 c6 19. Bf3 Ng5 20. g3 Bc8
21. Bg2 c5 22. dxc5 Qxe5 23. Bc3 Qc7 24. cxb6 Qxb6 25. Nxd5 Qe6 26. Nc7 Qd7 27. Nxe8 Qa7 28. Bd4 Qd7 29. Bxa8 Qxe8 30. Bc6 Bd7
31. Bxd7 Qxd7 32. Bc3 Nh3+ 33. Kg2 Ng5 34. Qxd7
1-0

[Event "Blitz - Gruenfeld defence for 5 players under 2000"]
[Site "SchemingMind.com"]
[Date "2017.07.19"]
[Round "-"]
[White "mochiron"]
[Black "Abstract Actuary"]
[Result "0-1"]
[WhiteCountry "JPN"]
[BlackCountry "USA"]
[WhiteElo "1401"]
[WhiteRD "91"]
[BlackElo "1840"]
[BlackRD "68"]
[GameID "416490"]

1. d4 Nf6 2. c4 g6 3. Nc3 d5 4. c5 b6 5. b4 a5 6. e3 axb4 7. Bb5+ c6 8. Nxd5 Nxd5 9. Be2 Bf5 10. Nf3 bxc5
11. Bb2 Bg7 12. O-O O-O 13. Nh4 Bd7 14. Bc4 e6 15. Bxd5 cxd5 16. Qe2 c4 17. e4 Qxh4 18. e5 Nc6 19. g3 Qg5 20. h4 Qf5
21. Kh2 c3 22. Bc1 Nxd4 23. Qd1 Bxe5 24. Bf4 c2 25. Qc1 Bxf4 26. gxf4 Ne2 27. Qd2 c1=Q 28. Raxc1 Nxc1 29. Qxc1 Rxa2 30. Rg1 Rxf2+
31. Kg3 Qc2 32. Qxc2 Rxc2 33. Rb1 Rc3+ 34. Kf2 b3 35. Ke2 Ba4 36. Kd2 Rf3
0-1

[Event "Blitz - Gruenfeld defence for 5 players under 2000"]
[Site "SchemingMind.com"]
[Date "2017.07.20"]
[Round "-"]
[White "Abstract Actuary"]
[Black "mochiron"]
[Result "1-0"]
[WhiteCountry "USA"]
[BlackCountry "JPN"]
[WhiteElo "1840"]
[WhiteRD "68"]
[BlackElo "1401"]
[BlackRD "91"]
[GameID "416491"]

1. d4 Nf6 2. c4 g6 3. Nc3 d5 4. cxd5 Nxd5 5. e4 Nxc3 6. bxc3 Bg7 7. f4 c6 8. Nf3 Bg4 9. h3 Bxf3 10. Qxf3 Nd7
11. Bc4 e6 12. Ba3 Bf8 13. Bb2 Nb6 14. Bb3 f6 15. g4 Qd7 16. O-O O-O-O 17. f5 gxf5 18. exf5 exf5 19. Qxf5 Qxf5 20. Rxf5 Nd5
21. Bxd5 cxd5 22. Rxf6 Be7 23. Re6 Bh4 24. Rf1 b5 25. Rf5 Rhe8 26. Rh6 Re1+ 27. Rf1 Rxf1+ 28. Kxf1 Rf8+ 29. Kg1 Bf2+ 30. Kh1 Rf7
31. Ba3 Be3 32. Ra6 Kb7 33. Rd6 Rf1+ 34. Kg2 Rf2+ 35. Kg3 Rf1 36. Rd7+ Kb6 37. Bc5+ Kc6 38. Rxh7 Rg1+ 39. Kf3 Bg5 40. h4 Bd8
41. h5 a5 42. Rh6+ Kc7 43. Bb6+ Kd7 44. Rh7+
1-0

[Event "Blitz - Gruenfeld defence for 5 players under 2000"]
[Site "SchemingMind.com"]
[Date "2017.07.24"]
[Round "-"]
[White "mochiron"]
[Black "emvarela"]
[Result "0-1"]
[WhiteCountry "JPN"]
[BlackCountry "ARG"]
[WhiteElo "1375"]
[WhiteRD "83"]
[BlackElo "1913"]
[BlackRD "56"]
[GameID "416492"]

1. d4 Nf6 2. c4 g6 3. Nc3 d5 4. e3 Bg7 5. c5 O-O 6. Bd3 b6 7. cxb6 axb6 8. Nf3 Nc6 9. O-O Bg4 10. h3 Bxf3
11. Qxf3 e5 12. dxe5 Nxe5 13. Qe2 Nxd3 14. Qxd3 c6 15. b3 Ne4 16. Bd2 Nxd2 17. Qxd2 Qf6 18. Ne2 Rfd8 19. Rac1 c5 20. Nf4 d4
21. e4 Bh6 22. g3 Bxf4 23. gxf4 Qh4 24. Qd3 Qxf4 25. e5 Rxa2 26. e6 fxe6 27. Rce1 Rd2 28. Qc4 Rd5
0-1

[Event "Blitz - Gruenfeld defence for 5 players under 2000"]
[Site "SchemingMind.com"]
[Date "2017.07.24"]
[Round "-"]
[White "emvarela"]
[Black "mochiron"]
[Result "1-0"]
[WhiteCountry "ARG"]
[BlackCountry "JPN"]
[WhiteElo "1913"]
[WhiteRD "56"]
[BlackElo "1375"]
[BlackRD "83"]
[GameID "416493"]

1. d4 Nf6 2. c4 g6 3. Nc3 d5 4. cxd5 Nxd5 5. e4 Nxc3 6. bxc3 Bg7 7. Nf3 Bg4 8. Rb1 b6 9. h3 Bxf3 10. Qxf3 O-O
11. Bc4 Nd7 12. O-O e6 13. Ba3 c5 14. dxc5 bxc5 15. Rfd1 Qe7 16. Rb7 Rad8 17. Bb5 Ne5 18. Rxe7 Nxf3+ 19. gxf3 Rxd1+ 20. Kg2 Bxc3
21. Bxc5 Be5 22. Rxa7 Rfd8 23. a4 Ra1 24. Be3 Rdd1 25. f4 Rg1+ 26. Kf3 Bg7 27. Ra8+ Bf8 28. Bc5 Kg7 29. Bxf8+ Kf6 30. e5+
1-0

[Event "Blitz - Gruenfeld defence for 5 players under 2000"]
[Site "SchemingMind.com"]
[Date "2017.07.19"]
[Round "-"]
[White "mochiron"]
[Black "Phillip Beckett"]
[Result "0-1"]
[WhiteCountry "JPN"]
[BlackCountry "ENG"]
[WhiteElo "1401"]
[WhiteRD "91"]
[BlackElo "1571"]
[BlackRD "56"]
[GameID "416494"]

1. d4 Nf6 2. c4 g6 3. Nc3 d5 4. cxd5 Nxd5 5. Nxd5 Qxd5 6. e3 Bg7 7. Nf3 c5 8. Bb5+ Bd7 9. Bxd7+ Nxd7 10. Bd2 cxd4
11. O-O dxe3 12. fxe3 O-O 13. Rb1 Nc5 14. Qe2 Rfd8 15. Bc3 Qd3 16. Qf2 Ne4 17. Qe1 Nxc3 18. bxc3 Bxc3 19. Qh4 Qxe3+ 20. Kh1 Bf6
21. Qg3 b6 22. Rbe1 Qc5 23. h4 Rd3 24. Ra1 Qd6 25. Qxd6 Rxd6 26. g3 Rc8 27. g4 Bxa1 28. Rxa1 Rc3 29. Ne5 Rd2 30. h5 Rh3+
31. Kg1 Rhh2 32. Nd3 Rdg2+ 33. Kf1 Rh1+ 34. Kxg2 Rxa1 35. hxg6 Rxa2+ 36. Kf3 Ra3 37. gxh7+ Kxh7 38. Ke4 Rxd3 39. Kxd3 a5
0-1

[Event "Blitz - Gruenfeld defence for 5 players under 2000"]
[Site "SchemingMind.com"]
[Date "2017.07.19"]
[Round "-"]
[White "Phillip Beckett"]
[Black "mochiron"]
[Result "1-0"]
[WhiteCountry "ENG"]
[BlackCountry "JPN"]
[WhiteElo "1587"]
[WhiteRD "59"]
[BlackElo "1361"]
[BlackRD "95"]
[GameID "416495"]

1. d4 Nf6 2. c4 g6 3. Nc3 d5 4. cxd5 e6 5. dxe6 Bxe6 6. e4 Bb4 7. Bd3 Nc6 8. a3 Bxc3+ 9. bxc3 O-O 10. Ne2 Ne7
11. O-O Nh5 12. Nf4 Ng7 13. e5 Bf5 14. Bxf5 Nexf5 15. Re1 Ne6 16. Nxe6 Qe7 17. Nxf8 Kxf8 18. a4 c6 19. Ba3 c5 20. Bxc5 Qxc5
21. dxc5 Re8 22. e6 fxe6 23. Qd7
1-0

[Event "Blitz - Gruenfeld defence for 5 players under 2000"]
[Site "SchemingMind.com"]
[Date "2017.07.19"]
[Round "-"]
[White "mochiron"]
[Black "Chessibelle"]
[Result "1-0"]
[WhiteCountry "JPN"]
[BlackCountry "ENG"]
[WhiteElo "1401"]
[WhiteRD "91"]
[BlackElo "1223"]
[BlackRD "67"]
[GameID "416496"]

1. d4 Nf6 2. c4 g6 3. Nc3 d5 4. e3 e6 5. c5 Nc6 6. a3 Be7 7. Be2 Bd7 8. Nf3 b6 9. O-O O-O 10. Bd3 bxc5
11. dxc5 Bxc5 12. Nd4 e5 13. Nxc6 Bxc6 14. e4 Re8 15. exd5 Nxd5 16. Kh1 Nf6 17. Bg5 Qd6 18. Bxf6 Qxf6 19. Ne4 Qh4 20. Nxc5 Qg5
21. Be4 Bb5 22. Bxa8 Rxa8 23. Ne4 Qe7 24. h3 Qh4 25. Re1 Bc6 26. f3 f5 27. Nc5 Re8 28. Rg1 e4 29. Qb3+ Kg7 30. Ne6+ Kh6
31. Qe3+ g5 32. Nd4 f4 33. Nf5+ Kh5 34. Qe2 e3 35. Nxh4 Kxh4 36. Kh2 a5 37. g3+ Kh5 38. g4+ Kh6 39. Qa6 Re6 40. Qxa5 Re7
41. h4 Bxf3 42. Qxg5#
1-0

[Event "Blitz - Gruenfeld defence for 5 players under 2000"]
[Site "SchemingMind.com"]
[Date "2017.07.19"]
[Round "-"]
[White "Chessibelle"]
[Black "mochiron"]
[Result "0-1"]
[WhiteCountry "ENG"]
[BlackCountry "JPN"]
[WhiteElo "1223"]
[WhiteRD "67"]
[BlackElo "1401"]
[BlackRD "91"]
[GameID "416497"]

1. d4 Nf6 2. c4 g6 3. Nc3 d5 4. e3 c6 5. Be2 Bg7 6. Nf3 h6 7. O-O h5 8. Bd3 h4 9. h3 Be6 10. b3 Ne4
11. Bb2 Nxc3 12. Bxc3 Qd7 13. Ng5 Bf6 14. f4 Bxg5 15. fxg5 Bxh3 16. Bxg6 fxg6 17. Rf2 Bg4 18. Qf1 h3 19. Rf4 hxg2 20. Rf7 gxf1=Q+
21. Raxf1 Bf5 22. Rg7 Na6 23. e4 Bxe4 24. Rff7 Qg4+ 25. Kf2 Rh2+ 26. Ke3 Rh3+ 27. Kd2 Qg2+
0-1